[Event "Top 12 FRA-chT 2017"]
[Site "Chartres"]
[Date "2017.05.28"]
[Round "11"]
[White "Heimann, Andreas"]
[Black "Relange, Eloi"]
[Result "1/2-1/2"]
[WhiteElo "2573"]
[BlackElo "2464"]
[Annotator "TA"]
[PlyCount "57"]
[EventDate "2017.??.??"]
[EventType "team-tourn"]
[EventCountry "FRA"]
[SourceTitle "playchess.com"]
[Source "ChessBase"]
[SourceQuality "1"]
[WhiteTeam "Mulhouse Philidor"]
[BlackTeam "Saint Quentin"]

{[%evp 20,57,13,8,17,5,19,20,15,7,16,21,24,13,20,0,8,2,52,34,55,52,50,35,55,59,47,54,60,0,107,0,0,0,0,0,0,0,0,0]} 1. d4 f5 2. g3 Nf6 3. Bg2 e6 4. Nf3 d5 5. O-O Bd6 6. c4 c6 7. b3 Qe7 8. Bb2 O-O 9. Nbd2 b6 10. Ne5 Bb7 11. e3 Nbd7 {A90: Dutch Defence: Miscellaneous and Modern Stonewall (with ...Bd6)} 12. Rc1 Rac8 13. Qe2 Rfd8 14. Rfd1 a5 $146 ({Predecessor:} 14... a6 15. Ndf3 h6 16. Ne1 Kh7 17. N1d3 Bb8 18. Rc2 a5 19. Rdc1 Nxe5 20. Nxe5 {1-0 (42) Sturua,Z (2580)-Gelazonia,P (2312) Tbilisi 2001}) 15. Ndf3 Ne4 {[%cal Bf6e4,Be4g5,Bg5e6][%mdl 32]} 16. Nxd7 Rxd7 17. cxd5 exd5 18. Ne5 Bxe5 19. dxe5 Ng5 20. f4 Ne6 $1 21. g4 g6 22. gxf5 gxf5 23. Qh5 Rf8 24. Bh3 ({Better is} 24. Qh6 $14) 24... Qb4 (24... c5 $11 {keeps the balance.}) 25. Rc2 (25. Bxf5 $16 Rg7+ 26. Kh1) 25... Rg7+ {The position is equal.} 26. Rg2 Qe4 27. Rxg7+ Kxg7 28. Kf2 Ba6 29. Rd2 {Precision: White = 52%, Black = 39%.} 1/2-1/2

[Event "Top 12 FRA-chT 2017"]
[Site "Chartres"]
[Date "2017.05.28"]
[Round "11"]
[White "Dorfman, Iossif"]
[Black "Dionisi, Thomas"]
[Result "1/2-1/2"]
[WhiteElo "2560"]
[BlackElo "2392"]
[Annotator "TA"]
[PlyCount "82"]
[EventDate "2017.??.??"]
[EventType "team-tourn"]
[EventCountry "FRA"]
[SourceTitle "playchess.com"]
[Source "ChessBase"]
[SourceQuality "1"]
[WhiteTeam "Grasse Echecs"]
[BlackTeam "Bois-Colombes"]

{[%evp 18,82,6,-4,29,27,29,30,33,31,39,29,47,43,36,45,49,43,52,50,50,50,43,42,48,46,42,38,64,39,25,27,48,52,34,27,69,81,92,89,66,80,80,87,66,65,63,62,63,10,8,14,17,0,0,0,0,0,0,0,0,0,0,0,0,0,0]} 1. d4 f5 2. g3 Nf6 3. Bg2 g6 4. Nf3 Bg7 5. b3 O-O 6. O-O d6 7. Bb2 Qe8 8. Nbd2 Nc6 9. Nc4 e6 10. a4 Bd7 {A81: Dutch Defence: 2 g3} 11. e3 Nd8 $146 ({Predecessor:} 11... a5 12. Qe2 b6 13. Na3 Rc8 14. Nb5 Ne4 15. Nd2 Nxd2 16. Qxd2 e5 17. c4 Kh8 18. dxe5 Nxe5 19. Na7 Rd8 20. Nb5 Rc8 21. Na7 Rd8 22. Nb5 {½-½ (22) Nguyen,C (2447)-Malaniuk,V (2563) Creon 2009}) 12. Ne1 Bc6 {White has an edge.} 13. f3 a5 14. Qe2 Nd7 15. Nd3 e5 16. dxe5 d5 17. Nd2 {[%cal Bc4d2,Bd2f3,Bf3d4,Bd4b5][%mdl 32] And now f4 would win.} Nxe5 18. Nxe5 Bxe5 19. Bxe5 Qxe5 20. f4 Qc3 21. Qd3 Qc5 22. Nf3 Re8 23. Rfe1 Nf7 24. Rac1 Rad8 25. Qd4 Qd6 26. Qc3 Ra8 27. Nd4 Bd7 {[#]} 28. Nb5 $1 {[%cal Rb5d6]} Bxb5 29. axb5 a4 30. Qd4 axb3 31. Bxd5 bxc2 32. Rxc2 Rad8 33. Bxf7+ ({White should try} 33. Rd1 $14 Rd7 34. Bxb7) 33... Kxf7 $11 {The position is equal.} 34. Qc4+ Qd5 35. Qxd5+ Rxd5 36. Rxc7+ {[%mdl 4096] Endgame KRR-KRR} Re7 37. Rec1 Rxb5 38. Rxe7+ Kxe7 39. Rc7+ Ke6 40. Rxh7 Rb2 41. Kf1 Kd5 {Precision: White = 73%, Black = 58%.} 1/2-1/2

[Event "Top 12 FRA-chT 2017"]
[Site "Chartres"]
[Date "2017.05.28"]
[Round "11"]
[White "David, Alberto"]
[Black "Istratescu, Andrei"]
[Result "1/2-1/2"]
[WhiteElo "2548"]
[BlackElo "2596"]
[Annotator "TA"]
[PlyCount "33"]
[EventDate "2017.??.??"]
[EventType "team-tourn"]
[EventCountry "FRA"]
[SourceTitle "playchess.com"]
[Source "ChessBase"]
[SourceQuality "1"]
[WhiteTeam "Saint Quentin"]
[BlackTeam "Mulhouse Philidor"]

{[%evp 20,33,22,20,30,11,27,38,27,0,0,0,0,-4,19,0]} 1. e4 c6 2. d4 d5 3. Nc3 dxe4 4. Nxe4 Bf5 5. Ng3 Bg6 6. Nh3 Nf6 {B18: Classical Caro-Kann: 4...Bf5 sidelines} 7. c3 (7. Nf4 Nbd7 8. Bc4 Qc7 9. O-O e6 10. c3 Bd6 11. Qf3 c5 12. dxc5 Bxc5 13. Bb3 O-O-O 14. Nxg6 hxg6 15. Bf4 e5 16. Be3 e4 17. Qe2 Bxe3 18. Qxe3 Rxh2 19. Rfd1 Rdh8 20. Qxa7 e3 21. Qxe3 Ng4 {0-1 (21) Zherebukh,Y (2605)-Nakamura,H (2793) Saint Louis 2017}) 7... Nbd7 {[%cal Bb8d7,Bd7b6,Bb6d5][%mdl 32]} 8. Bc4 Nb6 9. Bb3 e6 10. Nf4 Bd6 11. O-O {LiveBook: 3 Games} Qc7 12. Qf3 Nbd5 {[%cal Rd5f4]} 13. Nxg6 hxg6 14. Re1 O-O-O $146 {The position is equal.} 15. Bg5 Bf4 16. Bxf4 Qxf4 17. Qxf4 (17. Bxd5 $5 Nxd5 18. Qxf4 Nxf4 19. Ne4 $11) 1/2-1/2

[Event "Top 12 FRA-chT 2017"]
[Site "Chartres"]
[Date "2017.05.28"]
[Round "11"]
[White "Pelletier, Yannick"]
[Black "Decosse, Jean-Fabien"]
[Result "1-0"]
[WhiteElo "2543"]
[BlackElo "2216"]
[Annotator "TA"]
[PlyCount "41"]
[EventDate "2017.??.??"]
[EventType "team-tourn"]
[EventCountry "FRA"]
[SourceTitle "playchess.com"]
[Source "ChessBase"]
[SourceQuality "1"]
[WhiteTeam "Bischwiller"]
[BlackTeam "Lisieux"]

{[%evp 27,41,53,86,43,123,92,93,84,572,472,527,512,584,564,29989,29990]} 1. Nf3 Nf6 2. c4 e6 3. g3 b6 4. Bg2 Bb7 5. O-O Be7 6. Nc3 O-O 7. Re1 d5 8. cxd5 Nxd5 9. e4 Nxc3 10. bxc3 c5 11. d4 Nc6 12. d5 {A30: Symmetrical English: Double Fianchetto and Hedgehog} exd5 (12... Na5 13. Bf4 exd5 14. exd5 Bd6 15. Ne5 Qc7 16. Qg4 Rfe8 17. Nd3 c4 18. Bxd6 Qxd6 19. Nb4 Rad8 {1-0 (33) Le,Q (2689)-Cao,S (2557) Ho Chi Minh City 2010}) 13. exd5 Na5 14. Ne5 Bf6 {LiveBook: 4 Games} 15. Qd3 $146 ({Predecessor:} 15. Bf4 Re8 16. h4 Bxe5 17. Rxe5 Rxe5 18. Bxe5 Qd7 19. Qd3 b5 {½-½ (27) Nester,I (2420)-Stupak,K (2408) Lvov 2006}) 15... c4 (15... Re8 $14 16. Bf4 Bxe5 17. Bxe5 Qd7) 16. Qf3 ({Wrong is} 16. Nxc4 $2 Ba6 $19) 16... Re8 17. Bf4 g5 $2 {[%mdl 8192]} (17... Bxe5 $16 {is more resistant.} 18. Rxe5 (18. Bxe5 f6 $16) 18... Qd7) 18. Ng4 ({Less strong is} 18. Nxf7 Kxf7 19. Bxg5 (19. Rxe8 Qxe8 20. Bxg5 Qe5 $15) 19... Rf8 $16) 18... Rxe1+ 19. Rxe1 {[#] Black must now prevent Bc7!} Bg7 20. Be5 Bxe5 21. Nh6+ 1-0

[Event "Top 12 FRA-chT 2017"]
[Site "Chartres"]
[Date "2017.05.28"]
[Round "11"]
[White "Shchekachev, Andrei"]
[Black "Van Foreest, Jorden"]
[Result "0-1"]
[WhiteElo "2538"]
[BlackElo "2595"]
[Annotator "TA"]
[PlyCount "106"]
[EventDate "2017.??.??"]
[EventType "team-tourn"]
[EventCountry "FRA"]
[SourceTitle "playchess.com"]
[Source "ChessBase"]
[SourceQuality "1"]
[WhiteTeam "Tremblay-En-France"]
[BlackTeam "Clichy"]

{[%evp 22,106,8,0,0,0,30,17,39,37,52,37,53,30,66,17,48,37,36,38,64,29,38,41,85,40,56,39,90,41,58,63,79,79,188,179,181,175,177,178,168,175,207,214,194,179,174,135,135,146,136,118,137,0,0,0,0,-129,-133,-134,-124,-121,-133,-124,-86,-148,-145,-181,-167,-204,-136,-231,-178,-250,-103,-290,-287,-289,-291,-281,-254,-355,-349,-356,-346,-358,-345]} 1. Nf3 Nf6 2. c4 b6 3. Nc3 Bb7 4. d4 e6 5. a3 d5 6. Qc2 c5 7. cxd5 exd5 8. Bg5 Be7 9. e3 O-O 10. Bd3 Nbd7 11. O-O Ne4 12. Bf4 {[%cal Rc3e4] LiveBook: 3 Games} Rc8 {D55: Queen's Gambit Declined: 4 Bg5 Be7: Lines without ...h6 and 6...h6 7 Bxf6} 13. Rfd1 $146 {[%cal Rc3e4]} (13. Nxd5 $5 Bxd5 14. Bxe4 cxd4 15. Qb1 $11 (15. Bxh7+ $2 Kh8 $17)) ({Predecessor:} 13. Nxe4 dxe4 14. Bxe4 cxd4 15. Qb1 Bxe4 16. Qxe4 dxe3 17. Bxe3 Nc5 18. Qg4 Bf6 19. Rad1 Qe7 20. Rfe1 Qe6 21. Qxe6 Nxe6 22. Rd7 {½-½ (22) Persson,C (2526)-Kurth,W (2562) ICCF corr 2002}) 13... Ndf6 14. dxc5 Rxc5 {The position is equal.} 15. Be5 Qa8 16. Bd4 Rcc8 17. Qe2 Ng4 18. Rf1 (18. Nh4 $5 Nh6 19. Qh5 $14) 18... Bf6 19. Bxf6 Ngxf6 20. Nb5 Ba6 21. Nfd4 Bxb5 22. Bxb5 Rc5 23. Rfd1 Qb8 24. Qf3 Nd6 (24... a5 $14) 25. Bf1 Nc4 26. b3 {[%cal Bb2b3,Bb3b4][%mdl 32]} Ne5 27. Qf4 Ne4 (27... Rc3 $16) 28. b4 $1 $18 {[%cal Rb4c5]} Rcc8 29. Nf5 $36 {[%mdl 2048] White has strong initiative.} Rfe8 {With the idea ...g5.} 30. Rxd5 Nc3 31. Rd4 Re6 32. Qg5 {[%csl Gf5][%cal Rg5g7]} Ng6 33. h4 {h5 is the strong threat.} Ne4 34. Qg4 Nf6 35. Qf3 Ne5 36. Qg3 {[%csl Gf5][%cal Rg3g7]} g6 {next ...Nh5 is good for Black.} 37. Rad1 ({White should play} 37. Be2 $16) 37... Nh5 $11 38. Nh6+ Kg7 $1 39. Nf5+ (39. Qh3 $1 $11 {was the only way to keep the balance.}) 39... Kh8 $17 40. Qh3 ({Don't blunder} 40. Qg5 $2 f6) 40... gxf5 41. Qxf5 Nf6 42. g3 Kg7 43. Bg2 ({Better is} 43. Bh3) 43... Qc7 44. Qg5+ {[#]} Ng6 $1 {Strongly threatening ...Re5.} 45. Qb5 Qe7 46. h5 (46. Bh3 $17) 46... Ne5 $19 {[%cal Bg6e5,Be5c6,Bc6b4][%mdl 32]} 47. Qe2 (47. f4 $142) 47... Rc7 (47... Rc3 $19 {and Black stays clearly on top.} 48. a4 h6) 48. Rh4 $2 (48. f4 $17 {might work better.}) 48... h6 49. Rhd4 Rc3 50. a4 Nc6 51. Rf4 Nxb4 52. Qb2 Rd3 53. Rc1 {[#] Threatens to win with Rg4+.} a5 $1 {Precision: White = 47%, Black = 42%.} ({Weaker is} 53... Nbd5 54. Rg4+ Kh7 55. Qc2 $15) 0-1

[Event "Top 12 FRA-chT 2017"]
[Site "Chartres"]
[Date "2017.05.28"]
[Round "11"]
[White "Bailet, Pierre"]
[Black "Touzane, Olivier"]
[Result "1-0"]
[WhiteElo "2519"]
[BlackElo "2277"]
[Annotator "TA"]
[PlyCount "57"]
[EventDate "2017.??.??"]
[EventType "team-tourn"]
[EventCountry "FRA"]
[SourceTitle "playchess.com"]
[Source "ChessBase"]
[SourceQuality "1"]
[WhiteTeam "Vandoeuvre"]
[BlackTeam "Montpellier"]

{[%evp 34,57,16,25,17,14,18,12,25,13,48,50,49,50,43,80,69,75,137,131,144,127,325,347,29986,29987]} 1. Nf3 Nf6 2. d4 g6 3. c4 Bg7 4. Nc3 O-O 5. e4 d6 6. Be2 e5 7. O-O Nc6 8. d5 Ne7 9. b4 Nh5 10. Re1 f5 11. Ng5 Nf6 12. Bf3 c6 13. Bb2 h6 {E97: King's Indian: Classical Main Line (6...e5 7 0-0 Nc6): 8 Be3 and 8 d5 Ne7, not 9 Ne1} 14. Ne6 Bxe6 15. dxe6 fxe4 16. Nxe4 Nxe4 17. Rxe4 d5 18. cxd5 {LiveBook: 50 Games} cxd5 19. Rxe5 Bxe5 20. Bxe5 Qb6 21. Bb2 {[#]} Kh7 $146 22. Qe2 {[#] And now Qe5 would win.} Rad8 23. h4 {[%cal Bh2h4,Bh4h5,Bh5g6][%mdl 32]} Rd6 24. Re1 {Strongly threatening h5.} Qxb4 25. h5 (25. a3 $5 {[%cal Ra3b4]} Qb6 26. h5 $14) 25... Rf5 (25... d4 $142) 26. hxg6+ $16 Kg8 27. a3 {[%mdl 1024] White has strong compensation.} Qh4 $2 {[#]} (27... Qf4 $16) 28. Bg4 $18 Rg5 $2 (28... Rf6 $18 29. g3 Qg5 30. Bxf6 Qxf6) 29. Qf3 1-0

[Event "Top 12 FRA-chT 2017"]
[Site "Chartres"]
[Date "2017.05.28"]
[Round "11"]
[White "Sokolov, Andrei"]
[Black "Degraeve, Jean-Marc"]
[Result "1/2-1/2"]
[WhiteElo "2519"]
[BlackElo "2592"]
[Annotator "TA"]
[PlyCount "51"]
[EventDate "2017.??.??"]
[EventType "team-tourn"]
[EventCountry "FRA"]
[SourceTitle "playchess.com"]
[Source "ChessBase"]
[SourceQuality "1"]
[WhiteTeam "Mulhouse Philidor"]
[BlackTeam "Saint Quentin"]

{[%evp 16,17,15,21]} 1. e4 e5 2. Nf3 Nc6 3. Bc4 Bc5 4. d3 Nf6 5. O-O O-O 6. c3 d6 7. Bb3 h6 8. h3 a6 {C54: Giuoco Piano: 4 c3 Nf6, main lines with 5 d4 and 5 d3} 9. Nbd2 {LiveBook: 99 Games} (9. Re1 Re8 10. Nbd2 Be6 11. Nf1 Bxb3 12. Qxb3 Qd7 13. Ng3 Ba7 14. Be3 Bxe3 15. fxe3 d5 16. exd5 Qxd5 17. Qxd5 Nxd5 {½-½ (52) Harikrishna,P (2763)-Nakamura,H (2787) chess.com INT 2016}) {Predecessor:} 9... Be6 $146 10. Re1 Ba7 11. Nf1 Bxb3 12. axb3 Re8 13. Nh4 Nh7 14. Qg4 Qf6 15. Nf5 Qg6 16. Qxg6 fxg6 17. N5e3 Rf8 18. Re2 Nf6 19. Nc4 b5 20. Nce3 a5 21. Nc2 b4 22. Be3 Rfb8 23. Nd2 Bxe3 24. fxe3 bxc3 25. bxc3 d5 26. Ra3 {½-½ (26) Andriasian,Z (2621)-Petrosian,T (2592) Yerevan 2017} 1/2-1/2

[Event "Top 12 FRA-chT 2017"]
[Site "Chartres"]
[Date "2017.05.28"]
[Round "11"]
[White "Sanikidze, Tornike"]
[Black "Palac, Mladen"]
[Result "0-1"]
[WhiteElo "2518"]
[BlackElo "2573"]
[Annotator "TA"]
[PlyCount "70"]
[EventDate "2017.??.??"]
[EventType "team-tourn"]
[EventCountry "FRA"]
[SourceTitle "playchess.com"]
[Source "ChessBase"]
[SourceQuality "1"]
[WhiteTeam "Strasbourg"]
[BlackTeam "Nice Alekhine"]

{[%evp 18,70,-6,-56,61,28,87,78,76,0,0,12,21,-73,-58,-140,-104,-148,0,-59,-54,-127,-106,-108,-99,-122,-102,-110,-88,-91,-95,-283,-278,-283,-258,-500,-514,-670,-385,-387,-380,-532,-447,-427,-418,-721,-697,-1052,-1005,-1126,-1031,-29975,-29975,-29993,-29989]} 1. e4 c5 2. Nf3 e6 3. g3 Nc6 4. Bg2 Nf6 5. d3 d5 6. Nbd2 g6 7. O-O Bg7 8. exd5 Nxd5 9. Ne4 b6 {A08: King's Indian Attack} (9... Qe7 10. Re1 O-O 11. c4 Nb6 12. Bg5 f6 13. Be3 Nd7 14. d4 cxd4 15. Nxd4 Nce5 16. Qe2 Nb6 17. Nb5 Ned7 18. Rad1 Rd8 {1-0 (26) Movsesian,S (2660)-Yuzhakov,O (2340) Cheliabinsk 2016}) 10. c4 {LiveBook: 10 Games} Nc7 (10... Nde7 $1 $15) 11. Qa4 (11. d4 $5) 11... Bd7 (11... Qd7 $11 {keeps the balance.}) 12. Nd6+ $1 $16 Ke7 {[#]} 13. Ng5 $146 (13. Nxf7 $1 $16 {[%mdl 512]} Nd4 (13... Kxf7 14. Ng5+) 14. Nxd8 Bxa4 15. Bg5+ Bf6 16. Bxf6+ Kxf6 17. Nb7) ({Predecessor:} 13. Nxf7 Nd4 14. Nxd8 Bxa4 15. Bg5+ Bf6 16. Bxf6+ Kxf6 17. Nb7 {1-0 (41) Koukoufikis,A (2110)-Kalaitzidis,P (1950) Greece 2001}) 13... Nd4 $1 $11 ({Reject} 13... Ne5 $6 14. Qd1 $16) 14. Qd1 Rf8 15. Bf4 (15. Nge4 $11) 15... e5 $17 16. Nb7 (16. Ngxf7 $1 $15 Rxf7 17. Bg5+ Kxd6 18. Bxd8 Rxd8 19. Rb1) 16... Qc8 $36 {[%mdl 2048] White is under strong pressure.} 17. Be3 {[#] Threatens to win with Bxd4.} Nf5 (17... Nce6 $1 $17 {And now ...Bc6 would win.} 18. Nxe6 Nxe6) 18. b4 (18. d4 $1 $11 cxd4 19. Bd2) 18... h6 $15 19. Ne4 ({Better is} 19. Qb3 $15) 19... Qxb7 20. Nxc5 Qc8 21. Bxa8 Nxe3 22. fxe3 bxc5 ({Resist} 22... Qxa8 23. Nxd7 Kxd7 24. a4 $15) 23. Bg2 cxb4 24. d4 $2 (24. a3 $17) 24... exd4 $19 25. exd4 Ne6 26. Re1 $2 (26. d5 {was the only chance.} Qc5+ 27. Kh1) 26... Qxc4 27. d5 Bxa1 28. Qxa1 Qc3 29. Qd1 Kf6 30. dxe6 Bxe6 31. Qe2 (31. Re2 $142) 31... Rd8 32. Kh1 Kg7 33. Qf2 Rd2 34. Qxa7 {[#]} Rxg2 $1 {[%mdl 512]} 35. Rxe6 (35. Kxg2 Qxe1) 35... Qb2 {Precision: White =  6%, Black = 61%.} 0-1

[Event "Top 12 FRA-chT 2017"]
[Site "Chartres"]
[Date "2017.05.28"]
[Round "11"]
[White "Wirig, Anthony"]
[Black "Congiu, Mathilde"]
[Result "1-0"]
[WhiteElo "2486"]
[BlackElo "2248"]
[Annotator "TA"]
[PlyCount "103"]
[EventDate "2017.??.??"]
[EventType "team-tourn"]
[EventCountry "FRA"]
[SourceTitle "playchess.com"]
[Source "ChessBase"]
[SourceQuality "1"]
[WhiteTeam "Grasse Echecs"]
[BlackTeam "Bois-Colombes"]

{[%evp 9,103,20,30,27,22,5,4,5,6,-9,4,0,0,0,0,-18,0,-5,-2,-11,-9,-13,-11,-16,-22,-18,-16,-47,-22,-23,-8,-11,-12,-12,0,0,0,0,0,-13,0,0,0,0,0,0,0,0,0,-56,0,0,0,-15,0,-8,-22,-64,-12,-13,37,47,40,0,56,57,56,56,56,62,57,57,56,59,57,56,70,29,206,0,0,0,0,0,353,308,29976,29978,29976,29977,29977,29973,29989,29990,29990,29991]} 1. d4 Nf6 2. Bg5 Ne4 3. Bf4 d5 4. e3 c5 5. Bd3 cxd4 (5... Nf6 6. c3 Nc6 7. Nd2 g6 8. h3 Bg7 9. Ngf3 Nd7 10. O-O O-O 11. Bb5 Qb6 12. Qb3 Re8 13. Ba4 c4 {½-½ (76) Vitiugov,N (2726)-Tari,A (2584) Doha 2016}) 6. exd4 {A45: Trompowsky Attack} Nc6 7. Ne2 (7. Bxe4 $5 dxe4 8. d5 $11) 7... Bf5 8. O-O {The position is equal.} e6 9. c3 Bd6 $146 ({Predecessor:} 9... Bg6 10. Nc1 Bd6 11. Bxd6 Nxd6 12. Nd2 b5 13. Ndb3 {0-1 (35) Smirnov,A (2446)-Iordachescu,V (2623) Paleochora 2010}) 10. f3 Bxf4 11. Nxf4 Nd6 12. Qe2 O-O 13. Bxf5 Nxf5 14. Nd3 b5 {[%cal Bb7b5,Bb5b4][%mdl 32]} 15. a3 a5 16. Nd2 b4 17. a4 Rb8 18. Qf2 Nd6 19. Rfb1 Qf6 20. Nb3 Nc4 21. Nbc5 Qg6 22. Re1 Rfd8 23. Re2 Rb6 24. h4 bxc3 25. bxc3 Rdb8 26. Ree1 h5 27. Kh2 Kh7 28. Nf4 Qf5 29. Nfd3 ({White should try} 29. Qg3 $11) 29... Qg6 (29... e5 $15) 30. Rac1 Kg8 31. Re2 Rb1 32. Rxb1 (32. Qf1 $5 R1b6 33. g3 $15) 32... Rxb1 33. Nf4 Qf5 ({Black should play} 33... Qh6 $1 $15 34. Qg3 Ne7) 34. Qg3 $1 $11 Rb2 35. Rxb2 Nxb2 36. Nd7 $40 {[%mdl 128] White attacks.} Kh8 (36... Nxa4 $11 37. Nxd5 exd5) 37. Nh3 $14 e5 $1 38. Nxe5 Nxe5 39. dxe5 Nc4 {[#]} 40. e6 $1 {[%mdl 512]} fxe6 (40... Qxe6 41. Qb8+) 41. Qb8+ Kh7 42. Ng5+ Kg6 43. Qe8+ Kf6 $2 (43... Kh6 $11 {and Black is okay.}) 44. Qxh5 $2 (44. Qf7+ $18 Ke5 45. Qxh5 (45. Qxg7+ Kd6 $18)) 44... Ke7 $11 45. Qh8 (45. g3 $5 {[%cal Rh5h8]}) 45... Qe5+ 46. Kh3 {[#] aiming for Qc8.} Ne3 $2 {[%mdl 8192]} (46... Nd6 $11 {and Black has nothing to worry.}) 47. Qc8 Nf5 $2 (47... Qd6 $18 48. g3 Nc4) 48. Qb7+ {White mates.} Ke8 49. Qf7+ Kd8 50. Nxe6+ Kc8 51. Qe8+ Kb7 52. Nc5+ {Precision: White = 52%, Black = 48%.} 1-0

[Event "Top 12 FRA-chT 2017"]
[Site "Chartres"]
[Date "2017.05.28"]
[Round "11"]
[White "Sulava, Nenad"]
[Black "Heinz, Timothee"]
[Result "1/2-1/2"]
[WhiteElo "2468"]
[BlackElo "2353"]
[Annotator "TA"]
[PlyCount "160"]
[EventDate "2017.??.??"]
[EventType "team-tourn"]
[EventCountry "FRA"]
[SourceTitle "playchess.com"]
[Source "ChessBase"]
[SourceQuality "1"]
[WhiteTeam "Nice Alekhine"]
[BlackTeam "Strasbourg"]

{[%evp 9,160,9,10,10,18,14,13,7,21,0,-6,-9,-18,-29,43,19,39,16,16,21,36,23,26,0,23,19,56,74,66,66,75,79,106,90,95,85,107,70,88,87,126,126,126,123,126,66,85,54,62,62,56,54,54,50,50,56,54,47,30,41,97,78,95,20,20,20,20,20,20,20,20,20,20,0,0,0,0,0,0,0,0,18,18,0,0,0,0,0,0,0,0,0,0,0,0,0,0,0,0,0,0,0,0,0,0,0,0,0,0,0,0,0,0,0,0,0,0,0,0,0,0,0,0,0,0,0,0,0,0,0,0,0,0,0,0,0,0,0,0,0,0,0,0,0,0,0,0,0,0,0,0,0,0]} 1. Nf3 Nf6 2. d4 d5 3. Bf4 e6 4. e3 b6 5. c3 Bb7 6. Nbd2 {D02: 1 d4 d5 2 Nf3 sidelines, including 2...Nf6 3 g3 and 2...Nf6 3 Bf4} Nbd7 7. Bd3 Bd6 8. Ne5 a6 $146 (8... Bxe5 $5 9. dxe5 (9. Bxe5 Nxe5 10. dxe5 Nd7 $11) 9... Ne4 $14) ({Predecessor:} 8... O-O 9. Qf3 a6 10. Rd1 b5 11. Qh3 Re8 12. g4 Nf8 13. Rg1 Ne4 14. g5 Nxd2 15. Kxd2 Bxe5 16. Bxe5 Qe7 17. Rg4 Rec8 18. Rdg1 c5 19. Bxh7+ {1-0 (19) Ortega,L (2487)-Licciardello,S (2112) Lido Estensi 2001}) 9. Qf3 Bxe5 10. dxe5 Nc5 11. Bc2 Nfe4 (11... d4 $1 $11 12. e4 d3 13. exf6 dxc2 14. fxg7 Rg8) 12. O-O-O {[#] Black must now prevent Nxe4.} Qh4 13. Bg3 Nxg3 14. hxg3 Qe7 15. Qg4 $36 {[%mdl 2048] White has good play.} ({Don't play} 15. Rxh7 Rxh7 16. Bxh7 g6 $17) 15... Qf8 16. Qh4 (16. Nb3 {is interesting.} Nxb3+ 17. axb3 h6 18. e4 O-O-O 19. b4) 16... Qe7 (16... h6 {is more complex.} 17. Nb3 Nd7 18. f4 Qe7 19. Qg4 O-O-O) 17. g4 Qxh4 18. Rxh4 Nd7 19. f4 Ke7 20. Rdh1 Nf8 21. g5 c5 22. Nf3 Rd8 23. R1h3 ({Much less strong is} 23. Bxh7 g6 $14) 23... Bc6 24. Kd2 Rg8 25. Bxh7 Nxh7 26. Rxh7 d4 27. cxd4 (27. exd4 $16 cxd4 28. Nxd4 (28. cxd4 Be4 $16)) 27... cxd4 28. Nxd4 Bxg2 29. Rg3 Be4 30. Rh2 Rc8 31. Rg1 Rh8 32. Rxh8 Rxh8 $14 {[%mdl 4096] Endgame KRB-KRN} 33. Kc3 Rh3 34. Re1 Kd7 (34... f6 $14) 35. Ne2 Bd5 36. Kd4 ({White should try} 36. Kd3 $16) 36... Bxa2 $11 {The position is equal.} 37. Ra1 Rh2 38. Rxa2 Rxe2 39. Rxa6 Rxb2 {KR-KR} 40. Ra7+ Ke8 41. g6 fxg6 42. Rxg7 Rg2 43. Ke4 Kf8 44. Rb7 g5 45. Rxb6 gxf4 46. exf4 Kf7 47. Rb7+ Ke8 48. Rh7 Rg1 49. Kf3 (49. f5 $5 {[%cal Rf5f6]} Rg4+ 50. Kd3 exf5 51. e6 $11) 49... Kf8 50. Rh3 Kf7 51. Rg3 (51. f5 $5) 51... Rh1 52. Ke4 Re1+ 53. Re3 Rf1 54. Rf3 (54. f5 $5) 54... Re1+ 55. Kd4 Rd1+ 56. Ke3 Ra1 57. Rg3 Rf1 58. Rg2 Rh1 59. Kf3 (59. f5 $5) 59... Rh3+ 60. Kg4 Rh8 61. Ra2 Rg8+ 62. Kf3 Rg1 63. Ra7+ (63. f5 $5) 63... Kf8 64. Ke4 (64. Kf2 $5 {[%cal Rf2g1]} Rc1 65. Ke3 $14) 64... Re1+ 65. Kd4 Rd1+ 66. Kc5 Ke8 67. Rh7 (67. f5 $5) 67... Rd2 68. Rb7 (68. f5 $5) 68... Rd1 69. Rb4 (69. f5 $5) 69... Rd5+ 70. Kc6 Rd1 71. Rb6 (71. f5 $5 exf5 72. Rf4 $11) 71... Ke7 72. Kc5 (72. f5 $5 exf5 73. Kc5 $11) 72... Rd5+ 73. Kc4 Rd1 74. Rb7+ (74. f5 $5 exf5 75. Ra6 $11) 74... Ke8 75. Rb3 (75. f5 $5 exf5 76. Rb6 $11) 75... Rf1 76. Kc5 (76. f5 $5) 76... Rd1 77. Rb4 (77. f5 $5) 77... Rd5+ 78. Kc4 Rd1 79. Rb3 (79. f5 $5) 79... Rf1 80. Kc5 {[#] And now Kd6 would win.} (80. f5 $5) 80... Rd1 {Precision: White = 57%, Black = 61%.} 1/2-1/2